Ali Aur Ka`aba. (Record no. 8706)

MARC details
000 -LEADER
fixed length control field 00590nam a2200241 a 4500
020 ## - INTERNATIONAL STANDARD BOOK NUMBER
ISBN
082 00 - DEWEY DECIMAL CLASSIFICATION NUMBER
Classification number 297.64
Author Cutter MAH
100 ## - MAIN ENTRY--AUTHOR NAME
Author name Mahdi M, Syed Agha
245 ## - TITLE STATEMENT
Title Ali Aur Ka`aba.
260 ## - PUBLICATION, DISTRIBUTION, ETC. (IMPRINT)
Place of publication Lucknow
Name of publisher Sarfraz Qaumi Press
Year of publication 1352
300 ## - PHYSICAL DESCRIPTION
Number of Pages 44p.
500 ## - GENERAL NOTE
General note includes index and biblioraphy
505 2# - FORMATTED CONTENTS NOTE
Formatted contents note Hebrew Grammar {New Testament}
650 ## - SUBJECT ADDED ENTRY--TOPICAL TERM
Topical Term Ali-Caliph
942 ## - ADDED ENTRY ELEMENTS (KOHA)
Koha item type Books
700 1# -
-- Mahdi M, Syed Agha
Holdings
Collection code Home library Current library Date acquired Cost, normal purchase price Full call number Accession Number Koha item type
  Henry Martyn Institute Library Henry Martyn Institute Library 07/10/2007 100.00 297.64 MAH 010428 Books
                   Copyright © 2026 | Henry Martyn Institute | Hyderabad | TS-500052 | INDIA | Implemented by hmi.edu.in
Hit-Count:

Powered by Koha